000 02401cam a2200397 a 4500
001 12835417
005 20040621203224.0
008 020627s2002 nyuab |rb 001 0 eng
010 _a 2002284080
020 _a0471215716
020 _a9780471215714
040 _aDLC
_cDLC
_dDLC
050 0 0 _aTK5103.59
_b.A37 2002
082 0 0 _a621.38275
_222
_bAGR
100 1 _aAgrawal, G. P.
_q(Govind P.),
_d1951-
_912238
245 1 0 _aFiber-Optic Communication Systems /
_cGovind P. Agrawal.
250 _a3rd ed.
260 _aNew York :
_bWiley-Interscience, 2002
_cc2002.
300 _axvii, 546 p. :
_bill., map ;
_c25 cm.
490 _aWiley Series in Microwave and Optical Engineering
_927399
500 _a"A Wiley-Interscience publication."
504 _aIncludes bibliographical references and index.
650 0 _aOptical communications.
_912239
650 0 _aFiber optics.
_912240
856 4 2 _3Contributor biographical information
_uhttp://www.loc.gov/catdir/bios/wiley044/2002284080.html
856 4 2 _3Publisher description
_uhttp://www.loc.gov/catdir/description/wiley036/2002284080.html
856 4 1 _3Table of contents
_uhttp://www.loc.gov/catdir/toc/wiley023/2002284080.html
942 _2ddc
_cNB
999 _c13580
_d13580